000 00492nam a22001937a 4500
003 NUST - PNEC
005 20170116180801.0
008 150414b xxu||||| |||| 00| 0 eng d
020 _a9694820103
040 _cLIBRARY
082 _a297.09 SHA
100 _92568
_aShahid S .M
245 _aIslamic Ideology An Introduction
_cS.M. Shahid
250 _a1st ed
260 _aLohare
_bPublishar Emporium
_cc1994.
300 _a391p. :
650 _92569
_aIslam
_xGeneral
942 _2ddc
_cBK
999 _c62984
_d62984